The Only Remaining Minecraft Mob #2 - Statistics

General Stats
  • This quiz has been taken 21 times
  • The average score is 14 of 15
Answer Stats
Hint Mob .... Word Bank Used % Correct
That is able to fly Bee ... Sheep
100%
That is able to explode Creeper ... Frog
100%
Can jump over a 7 block high fence Frog ... Slime
100%
That eats wheat and some other things Horse ... Mule
100%
You can attach a chest to Mule ... Bee
100%
That can hurt you in peaceful mode Pufferfish ... Ocelot
100%
That you can ride Strider ... Pufferfish
100%
That you can dye Sheep ... Creeper
94%
That is a Nether mob Wither Skeleton ... Wither Skeleton
94%
That drops placeable blocks AND food Spider ... Horse
88%
That can suffocate without water Squid ... Spider
88%
That is always green Slime Vindicator
81%
That is tameable Wolf ... Strider
81%
That is a minecraft mob Ocelot ... Wolf
75%
That carries a weapon Vindicator Squid
75%
No matching quizzes found
Score Distribution
Percent of People with Each Score
Percentile by Number Answered
Your Score History
You have not taken this quiz